000 00852cad a22002055a 4500
001 L157131
008 120907s20120907xxk f 000 0 eng d
035 _a(Sirsi) u157131
041 0 _aeng
050 0 4 _a333.33 $2 18
110 2 _aLloyds Banking Group
_95822
245 0 0 _aHalifax house price index
_bAugust2012
_h[electronic resource]
260 _aLondon
_bLloyds Banking Group
_c2012
520 _aUK house prices fell by 0.4% in August 2012, a 0.9% decrease since August 2011. Predicts that house prices will remain flat for the rest of 2012.
590 _aKA
651 4 _aUnited Kingdom
690 _aResidential property
_96266
856 4 0 _uhttp://web.archive.org/web/20160328112102/http://www.lloydsbankinggroup.com/globalassets/documents/media/press-releases/halifax/2012/0609_hpi.pdf
_zavailable on the web archive
942 _n0
_2ddc
999 _c114617
_d114617